| 000 | 01621cam a22004454i 4500 | ||
|---|---|---|---|
| 003 | PE-LiUPU | ||
| 005 | 20250731173131.0 | ||
| 008 | 150623s1974 nyu r 000 0 eng d | ||
| 020 | _a0800706951 | ||
| 035 | _a(Sirsi) i9780800706951 | ||
| 040 |
_aPE-LiUPU _bspa _cPE-LiUPU _erda |
||
| 049 | _aPRUA | ||
| 082 | 0 | 4 |
_a242 _bG73 _221 |
| 100 | 1 |
_aGordon, Arthur, _eautor. |
|
| 245 | 1 | 2 |
_aA touch of wonder : _b[a book to help people stay in love with life] / _cArthur Gordon. |
| 264 | 1 |
_aCarmel, New York : _bGuideposts Associates, _c1974. |
|
| 300 |
_a251 páginas ; _c21 centímetros |
||
| 336 |
_atext _2rdacontent |
||
| 337 |
_aunmediated _2rdamedia |
||
| 338 |
_avolume _2rdacarrier |
||
| 505 | 0 | _aThe gift of caring -- The gift of shared wisdom -- The gift of self-discovery -- The gift of faith -- The gift of bright encounters -- The gift of awareness -- The gift of adaptability -- The gift of life-and beyond. | |
| 526 | _aSEG42 | ||
| 526 | _aSEG41 | ||
| 526 | _aSEG40 | ||
| 526 | _aSEG39 | ||
| 526 | _aP94 | ||
| 526 | _aP87 | ||
| 526 | _aP86 | ||
| 526 | _aP85 | ||
| 526 | _aP77 | ||
| 526 | _aP76 | ||
| 526 | _aP35 | ||
| 650 | 1 | 4 | _aMeditaciones. |
| 942 |
_2ddc _cBOOK |
||
| 949 |
_a242 G73 _wDEWEY _c1 _i51604 _lCCODEBUL1 _mBUL _p12.00 _r0 _sY _tBOOK _u2015-6-24 _xTEOLOGIA _PP35 _0COMPRA _o.STAFF. Colección General |
||
| 994 |
_aC0 _bPEPRU |
||
| 596 | _a1 | ||
| 999 |
_a242 G73 _wDEWEY _c33336 _i51604 _f2021-11-11 _g5 _lCCODEBUL1 _mBUL _p12.00 _r0 _sY _tBOOK _u2015-6-24 _xTEOLOGIA _PP35 _0COMPRA _o.STAFF. Colección Teología _d33336 |
||
| 980 |
_81 _gALBERTO SANCHEZ Responsable de Automatización |
||